Statistics for Soccer Teams David Beckham Played For

Click here to take the quiz!

General Stats

  • This quiz has been taken 22,211 times
    (22,139 since last reset)
  • The average score is 6 of 7

Answer Stats

YearsAppearancesGoalsClub% Correct
1992-200326562Manchester United
99%
2003-200711613Real Madrid
93%
2007-20129818Los Angeles Galaxy
92%
1996-2009 (international)11517England
90%
2013100Paris Saint-Germain
80%
2009-2010 (loan)292AC Milan
74%
1994-1995 (loan)52Preston North End
36%

Score Distribution

Percentile by Number Answered

Percent of People with Each Score

Your Score History

You have not taken this quiz since the last reset